000 00413nam a2200157Ia 4500
008 210716s2009 xx 000 0 und d
020 _a9788126910854
041 _aeng
082 _a658.421 SHAZ
100 _aShaikh, Zubair H.
245 _aERP: the future of business automation.
250 _a1
260 _aNew Delhi
_bAtlantic Publishers and Distributors
_c2009
300 _a183
650 _aERP & SAP
999 _c189927
_d189927